000 00470nam a2200157 4500
001 109285
003 ES-MaACL
005 20230906184820.0
007 t|
008 061121s1963 sp r ||||1| spa d
100 1 _aOliveros Oliveros, Domingo.
_986872
245 1 0 _aJesucristo
_b: Sus palabras en la Cruz /
_cDomingo Oliveros Oliveros.
260 _aMadrid :
_b[s.n.],
_c1963 (
_fGráf. Nebrija)
300 _a101 p. ;
_c21 cm.
852 _aES-MaACL
_jC-24306
_bR.53084
999 _c109285
_d109285